Metodología de la enseñanza /

Guardado en:
Autor Principal: Nérici, Imideo Giusseppe
Formato: Libro
Publicado: México : Kapelusz, 1980
Materias:
Etiquetas: Agregar Etiqueta
Sin Etiquetas, Sea el primero en etiquetar este registro!
LEADER 00779nam a22002055a 4500
001 CEM.cems004699
005 20060217000000.0
008 130507s1980##################000#0#####d
003 CEMS
082 0 4 |a 371.3 
100 1 |a Nérici, Imideo Giusseppe 
245 1 0 |a Metodología de la enseñanza / 
260 |a México :  |b Kapelusz,  |c 1980 
300 |a 397 p. 
505 0 |a Objetivos de la educaci¢n moderna.- Normas did cticas generales.- Metodolog¡a de la ense¤anza.- El planeamiento de la ense¤anza.- Los objetivos.- La evaluacin del aprendizaje.- M'todos y t'cnicas de ense¤anza.- 
653 |a Aprendizaje-evaluacion 
653 |a Educacion 
653 |a Enseñanza-metodos 
653 |a Enseñanza-planificacion 
859 |a CEMS  |b BIB. CEMS - 11 de abril  |h 371.3  |i N356  |p 11164.82  |t Ej.1